| 000 | 01187cab a2200373 4500 | ||
|---|---|---|---|
| 001 | ABS50923 | ||
| 008 | 090401t1994 xxu||||| |||| 00| 0 eng d | ||
| 035 | _a(Sirsi) u1790 | ||
| 041 | _aeng | ||
| 100 | _aWebster, N. | ||
| 245 | _aMoscow: a walk on the wild side | ||
| 260 | _c1994 | ||
| 350 | _a0 | ||
| 490 |
_aEuroProperty _vJune 1994, 30-34(5) |
||
| 520 | _aMoscow is seen as an investment opportunity by foreign companies, despite its reputation as the `wild east`. Looks at current developments in the hotel, office, infrastructure and construction markets. | ||
| 650 | _aASSOCIATION OF RUSSIAN BANKS | ||
| 650 | _aCONSTRUCTION MARKET | ||
| 650 | _aFERGUSON HOLLIS | ||
| 650 | _aGOLUB AND CO | ||
| 650 | _aHOTEL MARKET | ||
| 650 | _aINFRASTRUCTURE MARKET | ||
| 650 | _aJOINT VENTURES | ||
| 650 | _aMOSCOW | ||
| 650 | _aPROPERTY-COMMERCIAL PROPERTY-OFFICE PROPERTY-OFFICE PROPERTY MARKET | ||
| 650 | _aPROJECT FINANCE | ||
| 650 | _aRUSSIA | ||
| 650 | _aRUSSIAN SOCIETY OF APPRAISERS | ||
| 650 | _aS & T | ||
| 650 | _aSAWTZKY | ||
| 690 | _aPROPERTY-COMMERCIAL PROPERTY | ||
| 690 | _aOVERSEAS-REST OF THE WORLD | ||
| 942 | _n0 | ||
| 948 | _c04/03/1997 | ||
| 999 |
_c1033 _d1033 |
||